LEADER 01637oam 2200421zu 450 001 9910872693703321 005 20241212214927.0 035 $a(CKB)111026746726148 035 $a(SSID)ssj0000451602 035 $a(PQKBManifestationID)12211827 035 $a(PQKBTitleCode)TC0000451602 035 $a(PQKBWorkID)10461313 035 $a(PQKB)10501410 035 $a(NjHacI)99111026746726148 035 $a(EXLCZ)99111026746726148 100 $a20160829d1999 uy 101 0 $aeng 135 $aur||||||||||| 181 $ctxt 182 $cc 183 $acr 200 10$a42nd Midwest Symposium on Circuits and Systems, 1999 210 31$a[Place of publication not identified]$cI E E E$d1999 215 $a1 online resource (1246 pages) 300 $aBibliographic Level Mode of Issuance: Monograph 311 08$a9780780354913 311 08$a0780354915 330 $aThe newly developed phase-shift controlled bi-directional DC-DC converter has the conventional features of phase-shifted converters, including zero-voltage switching (ZVS) and constant switching frequency. However, it has been improved by developing a bi-directional power flow capability and applying synchronous rectification, hence the on-state voltage drop of the active devices are small. 606 $aElectric circuits$vCongresses 606 $aElectrical engineering$vCongresses 615 0$aElectric circuits 615 0$aElectrical engineering 676 $a621.315 801 0$bPQKB 906 $aPROCEEDING 912 $a9910872693703321 996 $a42nd Midwest Symposium on Circuits and Systems, 1999$92524587 997 $aUNINA